000 00768nam a2200253Ia 4500
003 OSt
005 20220930093307.0
006 a|||||r|||| 00| 0
007 ta
008 220926b |||||||| |||| 00| 0 eng d
024 _a35951
037 _cTheses
040 _aCRL
_cCRL
_beng
041 _2eng
_aeng
100 _aNabi Khalida Au.
_9551530
110 _aUniversity of Delhi. Faculty of Arts. Department of Urdu
245 0 _aIqbal ke motasawefana afkaar ka tanqeedi mutalia
260 _c2015
300 _a236p.
_ap.
_ccm.
700 _a Prof. Tauqeer Ahmad Khan Gu.
_9551531
700 _aUniversity of Delhi. Faculty of Arts. Department of Urdu
942 _cDIS
_2CC
999 _c885171
_d885171